Will Smith Movies Quiz Stats

 Plays Quiz Updated Dec 31, 2020

Support Sporcle.
Go Orange.
Score 0/31 Timer 06:00
0 Plays Today
Year Movie Title % Correct
1997Men in Black
94.7%
2002Men in Black II
92.5%
2012Men in Black III
91.6%
2019Aladdin
88.3%
2007I Am Legend
78.1%
2020Bad Boys for Life
77.4%
2006The Pursuit of Happyness
75%
1996Independence Day
74.1%
2016Suicide Squad
73.1%
2008Hancock
69%
1999Wild Wild West
67.2%
1995Bad Boys
66%
2004I, Robot
64.8%
2003Bad Boys II
64.2%
2005Hitch
62.3%
2008Seven Pounds
59.9%
Year Movie Title % Correct
2015Concussion
53.7%
2001Ali
52.6%
2013After Earth
52.5%
2019Gemini Man
42.8%
2004Shark Tale
37.2%
2015Focus
34.8%
1998Enemy of the State
32.9%
2000The Legend of Bagger Vance
29.3%
2017Bright
26.9%
2019Spies in Disguise
23.8%
2016Collateral Beauty
23.6%
1993Six Degrees of Separation
18.6%
2014Winter's Tale
14.3%
1993Made in America
10.4%
1992Where the Day Takes You
6.3%

You're not logged in!

Compare scores with friends on all Sporcle quizzes.
OR
Log In
Forgot?

From the Vault

NHL Top Scorer by Age

by Lauro

Sports 7m
Even if you have a few gray hairs, it doesn't mean you can't skate with the best of them.
Remove Ads.
Support Sporcle.
Get the best of Sporcle when you Go Orange. This ad-free experience offers more features, more stats, and more fun while also helping to support Sporcle. Thank you for becoming a member.

Show Comments

Extras

Top Quizzes Today


Score Distribution

Your Account Isn't Verified!

In order to create a playlist on Sporcle, you need to verify the email address you used during registration. Go to your Sporcle Settings to finish the process.

Report this User

Report this user for behavior that violates our Community Guidelines.

Details: